Statystyki dla Państwa najczęściej odwiedzane przez Amerykanów

Kliknij tutaj aby rozwiązać quiz!

Ogólne statystyki

  • Ten quiz został rozwiązany 22 102 razy
  • Średni wynik to 13 z 20

Statystyki odpowiedzi

#Kraj% Poprawnych
14,3 mlnKanada
96%
2,65 mlnFrancja
95%
35,1 mlnMeksyk
94%
1,65 mlnHiszpania
92%
2,19 mlnNiemcy
92%
1,96 mlnChiny
90%
3,76 mlnWielka Brytania
90%
1,15 mlnJaponia
88%
2,38 mlnWłochy
85%
1,11 mlnIndie
68%
1,15 mlnIrlandia
51%
1,88 mlnHolandia
47%
843 tys.Kolumbia
43%
2,72 mlnDominikana
42%
1,57 mlnJamajka
39%
690 tys.Szwajcaria
38%
997 tys.Bahamy
35%
843 tys.Filipiny
32%
652 tys.Izrael
26%
1,07 mlnKostaryka
26%

Rozkład punktacji

Percentyl według liczby udzielonych odpowiedzi

Procent ludzi z każdym wynikiem

Twoja historia wyników

Nie rozwiązałeś tego quizu